00678nam a2200241 a 4500001001300000003000900013005001700022008004100039020000800080082001900088100002500107245002100132260003600153300000900189500003500198505001300233650002000246700002500266902000800291942000700299952011500306999001500421nice12345678IN_TiNIC20260116011816.0050524s1966 luca grp 000 0 urd  ac800a891.4393bHUS1 aHussain, Saleha Abid aYaadon Ke Kanwal aLucknowbNaseem Book Depoc1966 a482p aincludes index and biblioraphy2 aAppendix aUrdu-Literature1 aHussain, Saleha Abid bSRS cBK 001040708StackRoom-aHMIbHMId2007-05-31g8.00l0o891.4393 HUS1p05645r2007-05-31v8.00w2005-05-24yBK c4125d4125